Minecraft - wszystkie zaklęcia (enchanty) (1.21) - Statystyki

Ogólne statystyki
  • Ten quiz został rozwiązany 1 008 razy
    508 od ostatniego zresetowania
  • Średni wynik to 25 z 42
Statystyki odpowiedzi
Lp Przedmiot na który można nałożyć zaklęcie Odpowiedź % Poprawnych
1 Zbroja Ochrona / Protection
92%
39 Wszystkie przedmioty Niezniszczalność / Unbreaking
88%
40 Wszystkie przedmioty Naprawa / Mending
85%
13 Miecz / siekiera Ostrość / Sharpness
82%
34 Kilof / łopata / siekiera / motyka Wydajność / Efficiency
78%
23 Łuk Moc / Power
75%
26 Łuk Nieskończoność / Infinity
75%
2 Zbroja Ochrona przed ogniem / Fire protection
75%
36 Kilof / łopata / siekiera / motyka Szczęście / Fortune
75%
25 Łuk Płomień / Flame
73%
17 Miecz Zaklęty ogień / Fire aspect
73%
5 Zbroja Ciernie / Thorns
72%
9 Zbroja - buty Łagodny upadek / Feather falling / Powolne opadanie
71%
6 Zbroja - hełm Oddychanie / Respiration
71%
35 Kilof / łopata / siekiera / motyka Jedwabny dotyk / Silk Touch
63%
27 Trójząb Lojalność / Loyalty
60%
18 Miecz Grabież / Looting
59%
3 Zbroja Ochrona od wybuchów / Blast protection
58%
16 Miecz Odrzut / Knockback
58%
11 Zbroja - buty Mroźny piechur / Frost walker / Spacer po lodzie
57%
7 Zbroja - hełm Wydajność pod wodą / Aqua affinity / Powinowactwo wodne
57%
37 Wędka Morska fortuna / Luck of the Sea
56%
14 Miecz / siekiera Pogromca nieumarłych / Smite
56%
32 Kusza Wielostrzał / Multishot
56%
41 Wszystkie narzędzia i zbroje Klątwa znikania / Curse of Vanishing
55%
4 Zbroja Ochrona przed pociskami / Projectile protection
55%
19 Miecz Szerokie ostrze / Sweeping edge
54%
24 Łuk Uderzenie / Punch
53%
15 Miecz / siekiera Zmora stawonogów / Bane of arthropods
53%
42 Zbroja i inne przedmioty możliwe do założenia Klątwa uwiązania / Curse of Binding / Klątwa wiązania
51%
12 Zbroja - buty Prędkość dusz / Soul speed / Szybkość dusz
51%
10 Zbroja - buty Głębinowy wędrowiec / Depth strider
49%
38 Wędka Przynęta / Lure
48%
33 Kusza Przeszycie / Piercing / Przebijający
47%
28 Trójząb Porażenie / Channeling / Przekierowanie
44%
30 Trójząb Torpeda / Riptide / Prąd odpływowy
44%
29 Trójząb Przebicie / Impaling
42%
8 Zbroja - spodnie Przemykanie / Swift Sneak
42%
31 Kusza Szybkie ładowanie / Quick charge
37%
20 Buzdygan Masywność / Density
34%
22 Buzdygan Wicher / Wind Burst
25%
21 Buzdygan Przedarcie / Breach
23%
Nie znaleziono quizów pasujących do podanych kryteriów
Rozkład punktacji
Procent ludzi z każdym wynikiem
Percentyl według liczby udzielonych odpowiedzi
Twoja historia wyników
Nie rozwiązałeś tego quizu od ostatniego zresetowania